LIBRARY & INFORMATION CENTRE, KCAET, TAVANUR

ONLINE PUBLIC ACCESS CATALOGUE (OPAC)

Studey of modern geology / (Record no. 9554)

MARC details
000 -LEADER
fixed length control field 00446cam a2200181ua 4500
020 ## - INTERNATIONAL STANDARD BOOK NUMBER
ISBN 81-7141-216-5
041 ## - LANGUAGE CODE
Language code of text/sound track or separate title eng
082 ## - DEWEY DECIMAL CLASSIFICATION NUMBER
Classification number 551
Item number GRE/ST
100 ## - MAIN ENTRY--AUTHOR NAME
Personal name Grew, E S .
245 ## - TITLE STATEMENT
Title Studey of modern geology /
250 ## - EDITION STATEMENT
Edition statement 1 /
260 ## - PUBLICATION, DISTRIBUTION, ETC. (IMPRINT)
Place of publication Newdelhi :
Name of publisher Discovery publishing house ,
Year of publication 1993.
300 ## - PHYSICAL DESCRIPTION
Number of Pages 307 ; .
942 ## - ADDED ENTRY ELEMENTS (KOHA)
Koha item type Books
Holdings
Withdrawn status Lost status Damaged status Home library Current library Date acquired Full call number Accession Number Koha item type
      KAUAET KAUAET 07/04/2012 551 GRE/ST 20094 Books
free website counter